[Event "Galicia-ch U14"]
[Site "Padron"]
[Date "2023.02.21"]
[Round "7"]
[White "Vidal Salgueiro, Breixo"]
[Black "Ibanez Cruces, Diego"]
[Result "0-1"]
[WhiteElo "1065"]
[BlackElo "1809"]
[PlyCount "94"]
[EventDate "2023.02.18"]
[EventType "swiss"]
[EventRounds "8"]
[EventCountry "ESP"]
[SourceTitle "EXT 2024"]
[Source "ChessBase"]
[SourceDate "2023.10.10"]
[SourceVersion "1"]
[SourceVersionDate "2023.10.10"]
[SourceQuality "1"]

1. e4 e5 2. Nf3 Nc6 3. Bc4 Nf6 4. d3 Be7 5. c3 d6 6. Nbd2 0-0 7. Bb3 Na5 8. Bc2 c5 9. a3 Nc6 10. b4 b6 11. Nf1 Be6 12. Ng3 Rc8 13. 0-0 a6 14. Bb3 h6 15. Rb1 d5 16. Re1 cxb4 17. cxb4 Qd6 18. Bd2 Rfd8 19. exd5 Nxd5 20. Ne4 Qd7 21. Bxd5 Bxd5 22. Be3 Qb7 23. Qe2 Be6 24. Rbd1 Nd4 25. Nxd4 exd4 26. Bf4 a5 27. bxa5 bxa5 28. Rb1 Qd7 29. Qb2 Qa4 30. Ra1 Qc2 31. Qxc2 Rxc2 32. Reb1 Rdc8 33. Kf1 Kh7 34. Ke1 a4 35. Bd2 f5 36. Ng3 R8c6 37. Bb4 Bf6 38. Ne2 Bb3 39. g3 Bd5 40. h4 Bf3 41. Ng1 Bd5 42. Ne2 Re6 43. Bd2 Bf3 44. Bf4 Rexe2+ 45. Kf1 Rxf2+ 46. Kg1 Rh2 47. Rf1 Rh1# 0-1

[Event "Galicia-ch U14"]
[Site "Padron"]
[Date "2023.02.20"]
[Round "5"]
[White "Souto Corredoura, Hugo"]
[Black "Ibanez Cruces, Diego"]
[Result "1-0"]
[WhiteElo "1424"]
[BlackElo "1809"]
[PlyCount "61"]
[EventDate "2023.02.18"]
[EventType "swiss"]
[EventRounds "8"]
[EventCountry "ESP"]
[SourceTitle "EXT 2024"]
[Source "ChessBase"]
[SourceDate "2023.10.10"]
[SourceVersion "1"]
[SourceVersionDate "2023.10.10"]
[SourceQuality "1"]

1. e4 e5 2. Nf3 Nc6 3. Bc4 Nf6 4. d3 Be7 5. 0-0 0-0 6. h3 d6 7. Be3 Na5 8. Nc3 Nxc4 9. dxc4 Be6 10. Qe2 Nd7 11. Rad1 f5 12. exf5 Bxf5 13. c5 Qe8 14. cxd6 cxd6 15. Nd5 Rc8 16. Nxe7+ Qxe7 17. c3 Qe6 18. Ng5 Qg6 19. g4 Bc2 20. Rd2 Ba4 21. b3 Bc6 22. Rfd1 Rf6 23. Qc4+ Kf8 24. Rxd6 Rxd6 25. Rxd6 Qb1+ 26. Kh2 Qh1+ 27. Kg3 Qg2+ 28. Kh4 Ke7 29. Qe6+ Kd8 30. Rxd7+ Bxd7 31. Nf7+ 1-0

[Event "ESP-ch U12 Rapid"]
[Site "Salobrena"]
[Date "2022.07.17"]
[Round "8"]
[White "Ibanez Cruces, Diego"]
[Black "Mompel Ferruz, Xavier"]
[Result "1/2-1/2"]
[WhiteElo "1553"]
[BlackElo "1849"]
[PlyCount "87"]
[EventDate "2022.07.09"]
[EventType "swiss (rapid)"]
[EventRounds "9"]
[EventCountry "ESP"]
[SourceTitle "EXT 2023"]
[Source "ChessBase"]
[SourceDate "2022.10.05"]
[SourceVersion "1"]
[SourceVersionDate "2022.10.05"]
[SourceQuality "1"]

1. e4 c5 2. Nf3 e6 3. d4 cxd4 4. Nxd4 Nc6 5. Nc3 Qc7 6. Be3 Nf6 7. f3 Be7 8. Be2 0-0 9. Qd2 a6 10. 0-0 Ne5 11. Rad1 d6 12. Kh1 b5 13. a3 Bb7 14. Rfe1 Rac8 15. Bf4 Nc4 16. Bxc4 Qxc4 17. Be3 Rfd8 18. Qe2 Qxe2 19. Rxe2 d5 20. exd5 Nxd5 21. Nxd5 Rxd5 22. Red2 Bc5 23. c3 Rcd8 24. Bg1 e5 25. Nb3 Bxg1 26. Kxg1 Rxd2 27. Rxd2 Rxd2 28. Nxd2 Bd5 29. Kf2 f5 30. g3 Kf7 31. h4 Ke6 32. Ke3 h6 33. f4 g6 34. Nf1 a5 35. b4 a4 36. Nd2 Bc6 37. c4 bxc4 38. Nxc4 exf4+ 39. gxf4 Kd5 40. Nb6+ Kd6 41. Nc4+ Kd5 42. Nb6+ Kd6 43. Nc4+ Kd5 44. Nb6+ 1/2-1/2

[Event "Galicia-ch U14"]
[Site "Padron"]
[Date "2022.02.26"]
[Round "2"]
[White "Ibanez Cruces, Diego"]
[Black "Costas Senlle, Noa"]
[Result "1-0"]
[WhiteElo "1652"]
[BlackElo "1281"]
[PlyCount "97"]
[EventDate "2022.02.26"]
[EventType "swiss"]
[EventRounds "8"]
[EventCountry "ESP"]
[SourceTitle "EXT 2023"]
[Source "ChessBase"]
[SourceDate "2022.10.05"]
[SourceVersion "1"]
[SourceVersionDate "2022.10.05"]
[SourceQuality "1"]

1. e4 c5 2. Nf3 d6 3. d4 cxd4 4. Nxd4 Nf6 5. Nc3 g6 6. Be3 Bg7 7. f3 0-0 8. Qd2 Nc6 9. Bc4 Nxd4 10. Bxd4 Be6 11. Bb3 Qa5 12. 0-0-0 b5 13. Kb1 Rfc8 14. g4 b4 15. Nd5 Nxd5 16. Bxg7 Kxg7 17. exd5 Bd7 18. h4 Qc5 19. h5 Rh8 20. Rde1 Rae8 21. Qg5 f6 22. Qf4 a5 23. hxg6 hxg6 24. Rxh8 Rxh8 25. Rxe7+ Kg8 26. Re1 Kf7 27. Qc4 Qxc4 28. Bxc4 Rc8 29. b3 Rh8 30. Kb2 Rh2 31. Re2 Rh3 32. Rf2 g5 33. Bd3 Rh4 34. a3 f5 35. axb4 axb4 36. Kc1 Kf6 37. Kd2 fxg4 38. fxg4+ Ke5 39. Bf5 Be8 40. Re2+ Kxd5 41. Rxe8 Kd4 42. Re4+ Kc5 43. Rc4+ Kb5 44. Bd7+ Ka5 45. Rd4 Rh2+ 46. Kc1 Rh1+ 47. Kb2 Rh6 48. Rd5+ Kb6 49. Rxg5 1-0

[Event "ESP-ch U10"]
[Site "Salobrena"]
[Date "2021.06.30"]
[Round "4"]
[White "Marin Ferragut, Pau"]
[Black "Ibanez Cruces, Diego"]
[Result "1-0"]
[WhiteElo "1824"]
[BlackElo "1332"]
[PlyCount "157"]
[EventDate "2021.06.28"]
[EventType "swiss"]
[EventRounds "9"]
[EventCountry "ESP"]
[SourceTitle "EXT 2022"]
[Source "ChessBase"]
[SourceDate "2021.10.06"]
[SourceVersion "1"]
[SourceVersionDate "2021.10.06"]
[SourceQuality "1"]

1. Nf3 Nf6 2. b3 d5 3. Bb2 e6 4. e3 Be7 5. Be2 c5 6. 0-0 0-0 7. c4 Nc6 8. cxd5 Nxd5 9. a3 Bf6 10. Qc2 Bxb2 11. Qxb2 Qf6 12. Qxf6 Nxf6 13. Nc3 b6 14. Rfd1 Rd8 15. Rab1 Bb7 16. b4 cxb4 17. axb4 Rac8 18. b5 Na5 19. Nd4 Nd5 20. Nxd5 Bxd5 21. Bf3 Bxf3 22. Nxf3 f6 23. d4 Kf7 24. Kf1 Nc4 25. Ke2 Nd6 26. Kd3 Rc7 27. Rb3 Nb7 28. Ke2 Nd6 29. Nd2 Nf5 30. g4 Ne7 31. Kd3 e5 32. Nf3 Ng6 33. Ke4 exd4 34. Nxd4 Re8+ 35. Kf3 Ne5+ 36. Kg3 Rec8 37. Nf5 Kf8 38. Ra3 g6 39. Nd4 Kf7 40. Rda1 Nc4 41. Rxa7 Na5 42. Rc1 Rxa7 43. Rxc8 Rb7 44. Nc6 Kg7 45. Nd4 Kf7 46. Kf4 Re7 47. e4 Rd7 48. Ke3 Nb7 49. Rc6 Na5 50. Rc8 Nb7 51. f4 Nd6 52. Rc6 Ke7 53. e5 fxe5 54. fxe5 Ne8 55. Rxb6 Nc7 56. Ke4 Na8 57. Rb8 Nc7 58. Nc6+ Kf7 59. Rb7 Ke8 60. b6 Ne6 61. Rxd7 Kxd7 62. Nd4 Nc5+ 63. Kd5 Na6 64. e6+ Ke7 65. Kc6 h5 66. gxh5 gxh5 67. b7 Kd8 68. Kb6 Nb8 69. Nc6+ Nxc6 70. Kxc6 Ke7 71. Kd5 Kf6 72. b8Q Kf5 73. Qe5+ Kg4 74. e7 h4 75. e8Q Kf3 76. Qf8+ Kg2 77. Qg5+ Kh3 78. Qf1+ Kxh2 79. Qxh4# 1-0